000 00699nam a2200241Ia 4500
003 OSt
005 20221007064750.0
006 a|||||r|||| 00| 0
007 ta
008 221006b |||||||| |||| 00| 0 eng d
024 _a22,485
037 _cReference Collections
040 _aFLL
_cFLL
_beng
041 _2eng
_aeng
082 _aZ2:9595, L1;k1.1
100 _aAggarawala Om Prakash
245 0 _aLaw of specific relief in India and Pakistan
250 _a3rd
260 _aDelhi
_bMetroplitan Book Co. Pvt. Ltd. India
_c1961
300 _axcix,728p
_ccm.
942 _hZ2:9595, L1;k1.1
_cREF
_2CC
999 _c1135270
_d1135270